[Event "Stay Safe Play From Home 319"]
[Site "Emanuel Lasker Arena"]
[Date "2020.07.21"]
[Round "7"]
[White "Oznog"]
[Black "Bardellosport"]
[Result "0-1"]
[WhiteElo "1792"]
[BlackElo "2000"]
[PlyCount "108"]
[EventDate "2020.07.21"]
[EventType "swiss (blitz)"]

1. e4 {[%emt 0:00:01]} c5 {[%emt 0:00:01]} 2. Nf3 {[%emt 0:00:01]} d6 {[%emt 0:00:00]} 3. d4 {[%emt 0:00:00]} cxd4 {[%emt 0:00:01]} 4. Nxd4 {[%emt 0:00:00]} Nf6 {[%emt 0:00:00]} 5. Nc3 {[%emt 0:00:00]} g6 {[%emt 0:00:00]} 6. a3 {[%emt 0:00:01]} Bg7 {[%emt 0:00:01]} 7. f3 {[%emt 0:00:00]} O-O {[%emt 0:00:01]} 8. Be3 {[%emt 0:00:01]} Nc6 {[%emt 0:00:01]} 9. Nxc6 {[%emt 0:00:01]} bxc6 {[%emt 0:00:00]} 10. Qd2 {[%emt 0:00:00]} Bd7 {[%emt 0:00:01]} 11. Bd3 {[%emt 0:00:02]} Qc7 {[%emt 0:00:01]} 12. Bh6 {[%emt 0:00:01]} Rfe8 {[%emt 0:00:01]} 13. Bxg7 {[%emt 0:00:00]} Kxg7 {[%emt 0:00:00]} 14. h4 {[%emt 0:00:01]} h5 {[%emt 0:00:01]} 15. O-O-O {[%emt 0:00:02]} Reb8 {[%emt 0:00:02]} 16. Rdg1 {[%emt 0:00:02]} Qb7 {[%emt 0:00:01]} 17. Nd1 {[%emt 0:00:01]} d5 {[%emt 0:00:03]} 18. Qc3 {[%emt 0:00:03]} dxe4 {[%emt 0:00:03]} 19. fxe4 {[%emt 0:00:01]} Qc7 {[%emt 0:00:03]} 20. e5 {[%emt 0:00:01]} Nd5 {[%emt 0:00:01]} 21. Qd4 {[%emt 0:00:02]} Be6 {[%emt 0:00:01]} 22. Bc4 {[%emt 0:00:01]} Rd8 {[%emt 0:00:01]} 23. g4 {[%emt 0:00:03]} Bxg4 {[%emt 0:00:03]} 24. Rxg4 {[%emt 0:00:02]} hxg4 {[%emt 0:00:02]} 25. Qxg4 {[%emt 0:00:01]} Rh8 {[%emt 0:00:02]} 26. h5 {[%emt 0:00:01]} Rag8 {[%emt 0:00:02]} 27. h6+ {[%emt 0:00:01]} Kf8 {[%emt 0:00:01]} 28. Nf2 {[%emt 0:00:04]} Qxe5 {[%emt 0:00:01]} 29. Nd3 {[%emt 0:00:01]} Qe3+ {[%emt 0:00:02]} 30. Kb1 {[%emt 0:00:02]} Rxh6 {[%emt 0:00:03]} 31. Rxh6 {[%emt 0:00:04]} Qxh6 {[%emt 0:00:00]} 32. Ne5 {[%emt 0:00:01]} Qf4 {[%emt 0:00:03]} 33. Qc8+ {[%emt 0:00:01]} Kg7 {[%emt 0:00:01]} 34. Qxc6 {[%emt 0:00:04]} Qxe5 {[%emt 0:00:01]} 35. Qxd5 {[%emt 0:00:00]} Qxd5 {[%emt 0:00:01]} 36. Bxd5 {[%emt 0:00:00]} Rd8 {[%emt 0:00:00]} 37. c4 {[%emt 0:00:00]} e6 {[%emt 0:00:00]} 38. Be4 {[%emt 0:00:01]} Rd4 {[%emt 0:00:01]} 39. Bf3 {[%emt 0:00:01]} Rf4 {[%emt 0:00:01]} 40. b4 {[%emt 0:00:00]} e5 {[%emt 0:00:01]} 41. Bd5 {[%emt 0:00:02]} e4 {[%emt 0:00:01]} 42. Kc2 {[%emt 0:00:00]} e3 {[%emt 0:00:01]} 43. Kd3 {[%emt 0:00:00]} g5 {[%emt 0:00:01]} 44. c5 {[%emt 0:00:01]} Rf1 {[%emt 0:00:03]} 45. Kxe3 {[%emt 0:00:03]} Rc1 {[%emt 0:00:00]} 46. Kd4 {[%emt 0:00:01]} g4 {[%emt 0:00:01]} 47. Bg2 {[%emt 0:00:01]} g3 {[%emt 0:00:01]} 48. a4 {[%emt 0:00:00]} Rc2 {[%emt 0:00:01]} 49. Kd5 {[%emt 0:00:01]} Rxg2 {[%emt 0:00:01]} 50. c6 {[%emt 0:00:00]} Rd2+ {[%emt 0:00:01]} 51. Ke5 {[%emt 0:00:02] .} g2 {[%emt 0:00:01]} 52. Kf4 {[%emt 0:00:00]} g1=Q {[%emt 0:00:01]} 53. Ke4 {[%emt 0:00:00]} Qb6 {[%emt 0:00:01]} 54. c7 {[%emt 0:00:00]} Qxc7 {[%emt 0:00:00] Time (Lag: Av=0.46s, max=0.7s)} 0-1

[Event "Stay Safe Play From Home 319"]
[Site "Emanuel Lasker Arena"]
[Date "2020.07.21"]
[Round "7"]
[White "Haris kollari 13"]
[Black "Buzaglo"]
[Result "1/2-1/2"]
[WhiteElo "1725"]
[BlackElo "1864"]
[Annotator "NA"]
[PlyCount "102"]
[EventDate "2020.07.21"]
[EventType "swiss (blitz)"]

1. e3 {[%emt 0:00:01]} e6 {[%emt 0:00:00]} 2. e4 {[%emt 0:00:01]} d6 {[%emt 0:00:00]} 3. d4 {[%emt 0:00:01]} c5 {[%emt 0:00:00]} 4. Nf3 {[%emt 0:00:02]} cxd4 {[%emt 0:00:01]} 5. Nxd4 {[%emt 0:00:01]} Nc6 {[%emt 0:00:00]} 6. Nc3 {[%emt 0:00:01]} Nxd4 {[%emt 0:00:01]} 7. Qxd4 {[%emt 0:00:02]} e5 {[%emt 0:00:01]} 8. Qd1 {[%emt 0:00:05]} Nf6 {[%emt 0:00:00]} 9. Be3 {[%emt 0:00:01]} Be7 {[%emt 0:00:01]} 10. Be2 {[%emt 0:00:01]} O-O {[%emt 0:00:00]} 11. Qd2 {[%emt 0:00:01]} Be6 {[%emt 0:00:00]} 12. O-O-O {[%emt 0:00:01]} Qc7 {[%emt 0:00:01]} 13. Kb1 {[%emt 0:00:01]} a5 {[%emt 0:00:01]} 14. a3 {[%emt 0:00:02]} b5 {[%emt 0:00:01]} 15. Nxb5 {[%emt 0:00:02]} Qb7 {[%emt 0:00:01]} 16. a4 {[%emt 0:00:01]} Nxe4 {[%emt 0:00:01]} 17. Qd3 {[%emt 0:00:03]} Bf5 {[%emt 0:00:01]} 18. Bf3 {[%emt 0:00:02]} d5 {[%emt 0:00:03]} 19. Qxd5 {[%emt 0:00:02]} Qxd5 {[%emt 0:00:01]} 20. Rxd5 {[%emt 0:00:01]} Nf6 {[%emt 0:00:01]} 21. Rxe5 {[%emt 0:00:02]} Bb4 {[%emt 0:00:02]} 22. Bxa8 {[%emt 0:00:02]} Rxa8 {[%emt 0:00:02]} 23. Rxf5 {[%emt 0:00:01]} Bf8 {[%emt 0:00:05]} 24. c3 {[%emt 0:00:01]} Ng4 {[%emt 0:00:02]} 25. h3 {[%emt 0:00:01]} Nh6 {[%emt 0:00:01]} 26. Rd5 {[%emt 0:00:02]} f6 {[%emt 0:00:04]} 27. Bxh6 {[%emt 0:00:02]} gxh6 {[%emt 0:00:01]} 28. Rhd1 {[%emt 0:00:00]} Kf7 {[%emt 0:00:01]} 29. Rd7+ {[%emt 0:00:01]} Kg6 {[%emt 0:00:00]} 30. Rd8 {[%emt 0:00:02]} Rxd8 {[%emt 0:00:04]} 31. Rxd8 {[%emt 0:00:01]} Bc5 {[%emt 0:00:00]} 32. Rd5 {[%emt 0:00:01]} Bxf2 {[%emt 0:00:01]} 33. Kc2 {[%emt 0:00:01]} h5 {[%emt 0:00:02]} 34. Nd4 {[%emt 0:00:01]} h4 {[%emt 0:00:01]} 35. Rxa5 {[%emt 0:00:01]} h5 {[%emt 0:00:03]} 36. Rd5 {[%emt 0:00:01]} f5 {[%emt 0:00:01]} 37. Nxf5 {[%emt 0:00:02]} Kf6 {[%emt 0:00:02]} 38. Nd4 {[%emt 0:00:01]} Ke7 {[%emt 0:00:02]} 39. Rxh5 {[%emt 0:00:01]} Kf6 {[%emt 0:00:01]} 40. Rf5+ {[%emt 0:00:01]} Kg6 {[%emt 0:00:02]} 41. Rxf2 {[%emt 0:00:00]} Kg5 {[%emt 0:00:00]} 42. Rf5+ {[%emt 0:00:01]} Kg6 {[%emt 0:00:00]} 43. Rf4 {[%emt 0:00:01]} Kg7 {[%emt 0:00:00]} 44. Rxh4 {[%emt 0:00:01]} Kg6 {[%emt 0:00:00]} 45. Rg4+ {[%emt 0:00:00]} Kf7 {[%emt 0:00:00]} 46. a5 {[%emt 0:00:01]} Ke7 {[%emt 0:00:00]} 47. a6 {[%emt 0:00:00]} Kd7 {[%emt 0:00:00]} 48. a7 {[%emt 0:00:00]} Kd6 {[%emt 0:00:00]} 49. a8=Q {[%emt 0:00:00]} Ke7 {[%emt 0:00:01]} 50. Qa6 {[%emt 0:00:00]} Kf7 {[%emt 0:00:01]} 51. Rg6 {[%emt 0:00:01]} Kf8 {[%emt 0:00:00] Time (Lag: Av=0.51s, max=1.0s)} 1/2-1/2

[Event "Stay Safe Play From Home 319"]
[Site "Emanuel Lasker Arena"]
[Date "2020.07.21"]
[Round "7"]
[White "Mamba2001de"]
[Black "Meini"]
[Result "0-1"]
[WhiteElo "1516"]
[BlackElo "1585"]
[Annotator "NA"]
[PlyCount "82"]
[EventDate "2020.07.21"]
[EventType "swiss (blitz)"]

1. d4 {[%emt 0:00:01]} d5 {[%emt 0:00:01]} 2. c4 {[%emt 0:00:01]} c6 {[%emt 0:00:01]} 3. Nc3 {[%emt 0:00:01]} dxc4 {[%emt 0:00:01]} 4. e4 {[%emt 0:00:02]} b5 {[%emt 0:00:00]} 5. d5 {[%emt 0:00:01]} cxd5 {[%emt 0:00:01]} 6. Nxd5 {[%emt 0:00:01]} e6 {[%emt 0:00:02]} 7. Ne3 {[%emt 0:00:01]} Bb7 {[%emt 0:00:01]} 8. Qxd8+ {[%emt 0:00:02]} Kxd8 {[%emt 0:00:01]} 9. Bd2 {[%emt 0:00:00]} Bc5 {[%emt 0:00:02]} 10. Ba5+ {[%emt 0:00:01]} Ke8 {[%emt 0:00:03]} 11. Nf3 {[%emt 0:00:03]} Nc6 {[%emt 0:00:01]} 12. Bc3 {[%emt 0:00:02]} Nf6 {[%emt 0:00:01]} 13. O-O-O {[%emt 0:00:05]} Rd8 {[%emt 0:00:03]} 14. Ng4 {[%emt 0:00:02]} Rxd1+ {[%emt 0:00:03]} 15. Kxd1 {[%emt 0:00:02]} Nxg4 {[%emt 0:00:01]} 16. Be2 {[%emt 0:00:02]} Nxf2+ {[%emt 0:00:02]} 17. Kc2 {[%emt 0:00:01]} Nxh1 {[%emt 0:00:00]} 18. Ng5 {[%emt 0:00:02]} Nd4+ {[%emt 0:00:01]} 19. Kd2 {[%emt 0:00:02]} Nxe2 {[%emt 0:00:01]} 20. Kxe2 {[%emt 0:00:01]} f6 {[%emt 0:00:01]} 21. Nf3 {[%emt 0:00:01]} e5 {[%emt 0:00:02]} 22. h4 {[%emt 0:00:02]} Bd4 {[%emt 0:00:00]} 23. Nxd4 {[%emt 0:00:01]} exd4 {[%emt 0:00:00]} 24. Bxd4 {[%emt 0:00:01]} Kf7 {[%emt 0:00:00]} 25. Bxa7 {[%emt 0:00:01]} Bxe4 {[%emt 0:00:01]} 26. Ke3 {[%emt 0:00:02]} Bxg2 {[%emt 0:00:00]} 27. Kd4 {[%emt 0:00:03]} Re8 {[%emt 0:00:00]} 28. Kc5 {[%emt 0:00:02]} Re4 {[%emt 0:00:01]} 29. Kxb5 {[%emt 0:00:01]} Rxh4 {[%emt 0:00:00]} 30. Bc5 {[%emt 0:00:02]} Bf3 {[%emt 0:00:01]} 31. a4 {[%emt 0:00:01]} Bd1 {[%emt 0:00:00]} 32. a5 {[%emt 0:00:01]} Bb3 {[%emt 0:00:02]} 33. a6 {[%emt 0:00:01]} Re4 {[%emt 0:00:01]} 34. a7 {[%emt 0:00:01]} Re8 {[%emt 0:00:00]} 35. Kb6 {[%emt 0:00:01]} Ng3 {[%emt 0:00:01]} 36. Kb7 {[%emt 0:00:01]} Ne4 {[%emt 0:00:03]} 37. a8=Q {[%emt 0:00:00]} Rxa8 {[%emt 0:00:01]} 38. Kxa8 {[%emt 0:00:00]} Nxc5 {[%emt 0:00:01]} 39. Ka7 {[%emt 0:00:03]} Nd3 {[%emt 0:00:00]} 40. Kb6 {[%emt 0:00:01]} Nxb2 {[%emt 0:00:00]} 41. Ka5 {[%emt 0:00:01]} Nd3 {[%emt 0:00:00] Zeit (Lag: Av=0.41s, max=1.0s) .} 0-1

[Event "Stay Safe Play From Home 319"]
[Site "Emanuel Lasker Arena"]
[Date "2020.07.21"]
[Round "7"]
[White "Mandy"]
[Black "UHU4"]
[Result "0-1"]
[WhiteElo "885"]
[BlackElo "1409"]
[Annotator "NA"]
[PlyCount "28"]
[EventDate "2020.07.21"]
[EventType "swiss (blitz)"]

{- Manoc a, Calota} 1. d4 {[%emt 0:00:02]} d5 {[%emt 0:00:01]} 2. Bf4 {[%emt 0:00:01]} Nc6 {[%emt 0:00:02]} 3. e3 {[%emt 0:00:01]} Bf5 {[%emt 0:00:01]} 4. Bd3 {[%emt 0:00:03]} Bxd3 {[%emt 0:00:03]} 5. Qxd3 {[%emt 0:00:02]} e6 {[%emt 0:00:00]} 6. c3 {[%emt 0:00:01]} Nf6 {[%emt 0:00:01]} 7. Nf3 {[%emt 0:00:04]} Ne4 {[%emt 0:00:02]} 8. h3 {[%emt 0:00:07]} f5 {[%emt 0:00:02]} 9. Qe2 {[%emt 0:00:09]} g5 {[%emt 0:00:03] UHU4 reconnected.} 10. Bh2 {[%emt 0:00:20]} Bg7 {[%emt 0:00:02]} 11. Nbd2 {[%emt 0:00:02]} h6 {[%emt 0:00:02]} 12. O-O {[%emt 0:00:01]} Rg8 {[%emt 0:00:03]} 13. Bxc7 {[%emt 0:00:03]} Qxc7 {[%emt 0:00:02]} 14. h4 {[%emt 0:00:02]} g4 {[%emt 0:00:06] Zeit (Lag: Av=0.56s, max=0.9s)} 0-1

[Event "Stay Safe Play From Home 319"]
[Site "Emanuel Lasker Arena"]
[Date "2020.07.21"]
[Round "8"]
[White "SoulofWolf"]
[Black "TheCHESSHOUSE"]
[Result "0-1"]
[WhiteElo "2171"]
[BlackElo "2181"]
[PlyCount "124"]
[EventDate "2020.07.21"]
[EventType "swiss (blitz)"]

1. d4 {[%emt 0:00:00]} Nf6 {[%emt 0:00:01]} 2. Nf3 {[%emt 0:00:00]} g6 {[%emt 0:00:00]} 3. c4 {[%emt 0:00:00]} Bg7 {[%emt 0:00:00]} 4. g3 {[%emt 0:00:00]} d6 {[%emt 0:00:00]} 5. Bg2 {[%emt 0:00:00]} O-O {[%emt 0:00:01]} 6. O-O {[%emt 0:00:00]} c6 {[%emt 0:00:00]} 7. b3 {[%emt 0:00:00]} Nbd7 {[%emt 0:00:00]} 8. Bb2 {[%emt 0:00:00]} Qc7 {[%emt 0:00:00]} 9. Nbd2 {[%emt 0:00:00]} e5 {[%emt 0:00:01]} 10. Rc1 {[%emt 0:00:00]} Re8 {[%emt 0:00:03]} 11. Re1 {[%emt 0:00:03]} Bh6 {[%emt 0:00:02]} 12. e3 {[%emt 0:00:01]} exd4 {[%emt 0:00:02]} 13. Nxd4 {[%emt 0:00:01]} Bg7 {[%emt 0:00:02]} 14. N2f3 {[%emt 0:00:01]} a6 {[%emt 0:00:01]} 15. a4 {[%emt 0:00:01]} Ne5 {[%emt 0:00:00]} 16. Nd2 {[%emt 0:00:01]} Bg4 {[%emt 0:00:02]} 17. f3 {[%emt 0:00:02]} Bd7 {[%emt 0:00:01]} 18. Nf1 {[%emt 0:00:01]} Rad8 {[%emt 0:00:01]} 19. Qd2 {[%emt 0:00:01]} Qc8 {[%emt 0:00:01]} 20. Rcd1 {[%emt 0:00:00]} Bh3 {[%emt 0:00:01]} 21. Qf2 {[%emt 0:00:02]} c5 {[%emt 0:00:01]} 22. Nc2 {[%emt 0:00:01]} Bxg2 {[%emt 0:00:01]} 23. Qxg2 {[%emt 0:00:00]} Qf5 {[%emt 0:00:00]} 24. e4 {[%emt 0:00:01]} Nxf3+ {[%emt 0:00:01]} 25. Kh1 {[%emt 0:00:05]} Nxe4 {[%emt 0:00:01]} 26. Nce3 {[%emt 0:00:04]} Nxe1 {[%emt 0:00:06]} 27. Rxe1 {[%emt 0:00:04]} Qg5 {[%emt 0:00:04]} 28. Bxg7 {[%emt 0:00:02]} Kxg7 {[%emt 0:00:00]} 29. Nd5 {[%emt 0:00:03]} f5 {[%emt 0:00:02]} 30. Rd1 {[%emt 0:00:03]} Re5 {[%emt 0:00:02]} 31. Nf4 {[%emt 0:00:01]} Nf6 {[%emt 0:00:02]} 32. Nh3 {[%emt 0:00:00]} Qh6 {[%emt 0:00:02]} 33. Nf2 {[%emt 0:00:02]} Ng4 {[%emt 0:00:01]} 34. h3 {[%emt 0:00:01]} Ne3 {[%emt 0:00:01]} 35. Qf3 {[%emt 0:00:02]} Nxd1 {[%emt 0:00:01]} 36. Qxd1 {[%emt 0:00:00]} Qg5 {[%emt 0:00:03]} 37. Kg2 {[%emt 0:00:01]} Qf6 {[%emt 0:00:01]} 38. Nd2 {[%emt 0:00:01]} Rde8 {[%emt 0:00:00]} 39. Nf3 {[%emt 0:00:00]} Re2 {[%emt 0:00:00]} 40. Qd5 {[%emt 0:00:01]} R8e6 {[%emt 0:00:03]} 41. Qxb7+ {[%emt 0:00:01]} Re7 {[%emt 0:00:01]} 42. Qd5 {[%emt 0:00:01]} Qe6 {[%emt 0:00:00]} 43. h4 {[%emt 0:00:01]} Qxd5 {[%emt 0:00:01]} 44. cxd5 {[%emt 0:00:01]} Rb2 {[%emt 0:00:00]} 45. Ng5 {[%emt 0:00:00]} Rxb3 {[%emt 0:00:01]} 46. Ne6+ {[%emt 0:00:00]} Rxe6 {[%emt 0:00:01]} 47. dxe6 {[%emt 0:00:00]} Kf6 {[%emt 0:00:00]} 48. e7 {[%emt 0:00:01]} Kxe7 {[%emt 0:00:00]} 49. Nd1 {[%emt 0:00:01]} Rb4 {[%emt 0:00:01]} 50. a5 {[%emt 0:00:00]} Ra4 {[%emt 0:00:01]} 51. Kf3 {[%emt 0:00:00]} Rxa5 {[%emt 0:00:00]} 52. Kf4 {[%emt 0:00:01]} Ra3 {[%emt 0:00:00]} 53. Kg5 {[%emt 0:00:00]} Kf7 {[%emt 0:00:01]} 54. Kf4 {[%emt 0:00:01]} Kg8 {[%emt 0:00:00]} 55. Nb2 {[%emt 0:00:01]} Ra4+ {[%emt 0:00:00]} 56. Kf3 {[%emt 0:00:01]} Rb4 {[%emt 0:00:00]} 57. Nd3 {[%emt 0:00:01]} a5 {[%emt 0:00:00]} 58. Nf4 {[%emt 0:00:01]} Rb3+ {[%emt 0:00:00]} 59. Kf2 {[%emt 0:00:01]} a4 {[%emt 0:00:00]} 60. Ne6 {[%emt 0:00:00]} a3 {[%emt 0:00:00]} 61. Nd8 {[%emt 0:00:00]} Rb2+ {[%emt 0:00:00]} 62. Kf3 {[%emt 0:00:01]} a2 {[%emt 0:00:00]} 0-1

[Event "Stay Safe Play From Home 319"]
[Site "Emanuel Lasker Arena"]
[Date "2020.07.21"]
[Round "8"]
[White "Lazieri3"]
[Black "Lamborghini"]
[Result "0-1"]
[WhiteElo "2158"]
[BlackElo "2236"]
[PlyCount "144"]
[EventDate "2020.07.21"]
[EventType "swiss (blitz)"]

1. e4 {[%emt 0:00:01]} c5 {[%emt 0:00:02]} 2. Nc3 {[%emt 0:00:00]} d6 {[%emt 0:00:01]} 3. d3 {[%emt 0:00:00]} Nc6 {[%emt 0:00:01]} 4. Nf3 {[%emt 0:00:00]} e5 {[%emt 0:00:02]} 5. Bg5 {[%emt 0:00:00]} Be7 {[%emt 0:00:01]} 6. Bxe7 {[%emt 0:00:01]} Ngxe7 {[%emt 0:00:00]} 7. g3 {[%emt 0:00:01]} O-O {[%emt 0:00:01]} 8. Bg2 {[%emt 0:00:00]} f6 {[%emt 0:00:00]} 9. O-O {[%emt 0:00:01]} Be6 {[%emt 0:00:00]} 10. Qd2 {[%emt 0:00:01]} Qd7 {[%emt 0:00:01]} 11. Nh4 {[%emt 0:00:01]} Rad8 {[%emt 0:00:03]} 12. f4 {[%emt 0:00:01]} exf4 {[%emt 0:00:01]} 13. gxf4 {[%emt 0:00:01]} d5 {[%emt 0:00:02]} 14. f5 {[%emt 0:00:02]} Bf7 {[%emt 0:00:01]} 15. exd5 {[%emt 0:00:01]} Nxd5 {[%emt 0:00:01]} 16. Nxd5 {[%emt 0:00:00]} Bxd5 {[%emt 0:00:01]} 17. Rf2 {[%emt 0:00:02]} Nd4 {[%emt 0:00:02]} 18. Qf4 {[%emt 0:00:04]} Qd6 {[%emt 0:00:03]} 19. Qxd6 {[%emt 0:00:02]} Rxd6 {[%emt 0:00:01]} 20. c3 {[%emt 0:00:01]} Bxg2 {[%emt 0:00:02]} 21. Kxg2 {[%emt 0:00:02]} Nc6 {[%emt 0:00:01]} 22. Rd1 {[%emt 0:00:01]} Rfd8 {[%emt 0:00:02]} 23. Rfd2 {[%emt 0:00:01]} Ne5 {[%emt 0:00:01]} 24. d4 {[%emt 0:00:01]} Nc4 {[%emt 0:00:01]} 25. Re2 {[%emt 0:00:01]} cxd4 {[%emt 0:00:01]} 26. cxd4 {[%emt 0:00:01]} Kf7 {[%emt 0:00:01]} 27. Rde1 {[%emt 0:00:01]} R8d7 {[%emt 0:00:01]} 28. Nf3 {[%emt 0:00:01]} Nb6 {[%emt 0:00:01]} 29. b3 {[%emt 0:00:01]} Nd5 {[%emt 0:00:01]} 30. Re6 {[%emt 0:00:02]} Nf4+ {[%emt 0:00:01]} 31. Kg3 {[%emt 0:00:02]} Nxe6 {[%emt 0:00:01]} 32. fxe6+ {[%emt 0:00:00]} Rxe6 {[%emt 0:00:00]} 33. Rc1 {[%emt 0:00:02]} Red6 {[%emt 0:00:01]} 34. Rc5 {[%emt 0:00:01]} b6 {[%emt 0:00:01]} 35. Rc8 {[%emt 0:00:01]} g5 {[%emt 0:00:01]} 36. Kg4 {[%emt 0:00:01]} Kg7 {[%emt 0:00:02]} 37. Kf5 {[%emt 0:00:02]} Rd5+ {[%emt 0:00:01]} 38. Ke4 {[%emt 0:00:01]} R5d6 {[%emt 0:00:03]} 39. Kf5 {[%emt 0:00:01]} Rxd4 {[%emt 0:00:02]} 40. Nxd4 {[%emt 0:00:02]} Rxd4 {[%emt 0:00:00]} 41. Rc7+ {[%emt 0:00:01]} Kh6 {[%emt 0:00:01]} 42. Kxf6 {[%emt 0:00:01]} Rf4+ {[%emt 0:00:01]} 43. Ke5 {[%emt 0:00:01]} a5 {[%emt 0:00:00]} 44. Rc2 {[%emt 0:00:02]} Rf3 {[%emt 0:00:01]} 45. Kd5 {[%emt 0:00:02]} Kh5 {[%emt 0:00:01]} 46. Kc6 {[%emt 0:00:00]} Rf6+ {[%emt 0:00:01]} 47. Kb5 {[%emt 0:00:00]} h6 {[%emt 0:00:00]} 48. a3 {[%emt 0:00:01]} Rg6 {[%emt 0:00:00]} 49. b4 {[%emt 0:00:00]} g4 {[%emt 0:00:00]} 50. bxa5 {[%emt 0:00:01]} bxa5 {[%emt 0:00:00]} 51. Kxa5 {[%emt 0:00:00]} Rg5+ {[%emt 0:00:00]} 52. Kb6 {[%emt 0:00:01]} Kg6 {[%emt 0:00:00]} 53. a4 {[%emt 0:00:00]} h5 {[%emt 0:00:00]} 54. a5 {[%emt 0:00:00]} h4 {[%emt 0:00:00]} 55. a6 {[%emt 0:00:00]} Re5 {[%emt 0:00:01]} 56. Rc6+ {[%emt 0:00:00]} Kf5 {[%emt 0:00:02]} 57. Rc5 {[%emt 0:00:01]} Rxc5 {[%emt 0:00:01]} 58. Kxc5 {[%emt 0:00:00]} g3 {[%emt 0:00:00]} 59. a7 {[%emt 0:00:00]} g2 {[%emt 0:00:01]} 60. a8=Q {[%emt 0:00:00]} g1=Q+ {[%emt 0:00:00]} 61. Kc6 {[%emt 0:00:01]} Qh1+ {[%emt 0:00:01]} 62. Kc7 {[%emt 0:00:00]} Qxa8 {[%emt 0:00:01]} 63. h3 {[%emt 0:00:00]} Qg2 {[%emt 0:00:00]} 64. Kd7 {[%emt 0:00:00]} Qxh3 {[%emt 0:00:00]} 65. Ke7 {[%emt 0:00:00]} Qg4 {[%emt 0:00:00]} 66. Kf7 {[%emt 0:00:00]} h3 {[%emt 0:00:00]} 67. Ke7 {[%emt 0:00:00]} h2 {[%emt 0:00:00]} 68. Kd6 {[%emt 0:00:00]} h1=Q {[%emt 0:00:00]} 69. Kc5 {[%emt 0:00:00]} Qhe4 {[%emt 0:00:00]} 70. Kd6 {[%emt 0:00:00]} Qgf4+ {[%emt 0:00:00]} 71. Kd7 {[%emt 0:00:02]} Qfe5 {[%emt 0:00:00]} 72. Kc8 {[%emt 0:00:00]} Qe6+ {[%emt 0:00:01] Time (Lag: Av=0.47s, max=1.0s)} 0-1

[Event "Stay Safe Play From Home 319"]
[Site "Emanuel Lasker Arena"]
[Date "2020.07.21"]
[Round "8"]
[White "Bardellosport"]
[Black "Fischer_11"]
[Result "1/2-1/2"]
[WhiteElo "2008"]
[BlackElo "2025"]
[Annotator "NA"]
[PlyCount "143"]
[EventDate "2020.07.21"]
[EventType "swiss (blitz)"]

1. c4 {[%emt 0:00:01]} g6 {[%emt 0:00:02]} 2. g3 {[%emt 0:00:00]} Bg7 {[%emt 0:00:00]} 3. Bg2 {[%emt 0:00:00]} Nf6 {[%emt 0:00:00]} 4. Nc3 {[%emt 0:00:00]} c6 {[%emt 0:00:00]} 5. e4 {[%emt 0:00:00]} d6 {[%emt 0:00:01]} 6. d3 {[%emt 0:00:00]} O-O {[%emt 0:00:01]} 7. Qe2 {[%emt 0:00:00]} a6 {[%emt 0:00:00]} 8. f4 {[%emt 0:00:01]} b6 {[%emt 0:00:00]} 9. Nf3 {[%emt 0:00:01]} Bg4 {[%emt 0:00:01]} 10. O-O {[%emt 0:00:01]} e5 {[%emt 0:00:01]} 11. h3 {[%emt 0:00:01]} Bxf3 {[%emt 0:00:01]} 12. Qxf3 {[%emt 0:00:00]} exf4 {[%emt 0:00:00]} 13. gxf4 {[%emt 0:00:01]} Nbd7 {[%emt 0:00:02]} 14. f5 {[%emt 0:00:01]} Ne5 {[%emt 0:00:01]} 15. Qg3 {[%emt 0:00:01]} d5 {[%emt 0:00:04]} 16. exd5 {[%emt 0:00:01]} cxd5 {[%emt 0:00:01]} 17. Bg5 {[%emt 0:00:01]} Ned7 {[%emt 0:00:07]} 18. Bxf6 {[%emt 0:00:01]} Nxf6 {[%emt 0:00:01]} 19. Nxd5 {[%emt 0:00:00]} Nxd5 {[%emt 0:00:01]} 20. Bxd5 {[%emt 0:00:00]} Rc8 {[%emt 0:00:02]} 21. fxg6 {[%emt 0:00:01]} hxg6 {[%emt 0:00:08]} 22. Qxg6 {[%emt 0:00:01]} Qxd5 {[%emt 0:00:00]} 23. Qxg7+ {[%emt 0:00:01]} Kxg7 {[%emt 0:00:01]} 24. cxd5 {[%emt 0:00:00]} Rc2 {[%emt 0:00:01]} 25. Rf2 {[%emt 0:00:01]} Rxf2 {[%emt 0:00:02]} 26. Kxf2 {[%emt 0:00:01]} Rd8 {[%emt 0:00:00]} 27. Rd1 {[%emt 0:00:02]} Rxd5 {[%emt 0:00:01]} 28. Ke3 {[%emt 0:00:00]} Kf6 {[%emt 0:00:01]} 29. Ke4 {[%emt 0:00:00]} Rb5 {[%emt 0:00:01]} 30. Rd2 {[%emt 0:00:01]} Kg5 {[%emt 0:00:01]} 31. Rf2 {[%emt 0:00:01]} f6 {[%emt 0:00:02]} 32. d4 {[%emt 0:00:01]} f5+ {[%emt 0:00:01]} 33. Kd3 {[%emt 0:00:01]} f4 {[%emt 0:00:01]} 34. Kc4 {[%emt 0:00:00]} Kf5 {[%emt 0:00:02]} 35. d5 {[%emt 0:00:00]} Rc5+ {[%emt 0:00:01]} 36. Kd4 {[%emt 0:00:01]} Rc8 {[%emt 0:00:01]} 37. b4 {[%emt 0:00:03]} Rh8 {[%emt 0:00:00]} 38. Rf3 {[%emt 0:00:01]} Rd8 {[%emt 0:00:02]} 39. a4 {[%emt 0:00:01]} a5 {[%emt 0:00:01]} 40. bxa5 {[%emt 0:00:02]} bxa5 {[%emt 0:00:00]} 41. Rb3 {[%emt 0:00:01]} Rc8 {[%emt 0:00:00]} 42. Rb5 {[%emt 0:00:01]} f3 {[%emt 0:00:01]} 43. d6+ {[%emt 0:00:01]} Kf4 {[%emt 0:00:00]} 44. d7 {[%emt 0:00:01]} Rd8 {[%emt 0:00:00]} 45. Rb7 {[%emt 0:00:02]} f2 {[%emt 0:00:00]} 46. Rb1 {[%emt 0:00:01]} Kf3 {[%emt 0:00:01]} 47. Kc5 {[%emt 0:00:00]} Kg2 {[%emt 0:00:00]} 48. Rb2 {[%emt 0:00:01]} Kg1 {[%emt 0:00:01]} 49. Rb4 {[%emt 0:00:00]} f1=Q {[%emt 0:00:00]} 50. Rg4+ {[%emt 0:00:00]} Kh2 {[%emt 0:00:01]} 51. Rd4 {[%emt 0:00:01]} Qf2 {[%emt 0:00:00]} 52. Kd6 {[%emt 0:00:00]} Rxd7+ {[%emt 0:00:01]} 53. Kc5 {[%emt 0:00:01]} Qxd4+ {[%emt 0:00:00]} 54. Kb5 {[%emt 0:00:00]} Qxa4+ {[%emt 0:00:00]} 55. Kxa4 {[%emt 0:00:01]} Rh7 {[%emt 0:00:01]} 56. h4 {[%emt 0:00:00]} Rxh4+ {[%emt 0:00:00]} 57. Kb5 {[%emt 0:00:01]} Rh5+ {[%emt 0:00:00]} 58. Ka6 {[%emt 0:00:00]} Kh3 {[%emt 0:00:01]} 59. Kb6 {[%emt 0:00:01]} Kh4 {[%emt 0:00:00]} 60. Kc6 {[%emt 0:00:00]} a4 {[%emt 0:00:00]} 61. Kd6 {[%emt 0:00:00]} a3 {[%emt 0:00:00]} 62. Ke6 {[%emt 0:00:00]} a2 {[%emt 0:00:00]} 63. Kf6 {[%emt 0:00:00]} a1=Q+ {[%emt 0:00:00]} 64. Ke6 {[%emt 0:00:00]} Qe1+ {[%emt 0:00:00]} 65. Kf6 {[%emt 0:00:00]} Qf2+ {[%emt 0:00:00]} 66. Kg6 {[%emt 0:00:00]} Qg3+ {[%emt 0:00:00]} 67. Kf6 {[%emt 0:00:00]} Rg5 {[%emt 0:00:00]} 68. Ke6 {[%emt 0:00:01]} Rg4 {[%emt 0:00:00]} 69. Kd5 {[%emt 0:00:01]} Rf4 {[%emt 0:00:00]} 70. Kc5 {[%emt 0:00:01]} Qe3+ {[%emt 0:00:00]} 71. Kb5 {[%emt 0:00:00]} Rd4 {[%emt 0:00:00]} 72. Ka5 {[%emt 0:00:00] ' (Lag: Av=0.31s, max=0.8s)} 1/2-1/2